00478pam a2200145 a 4500020000500000041000500005082000800010100001800018245007100036260004200107300001100149930001000160999001900170952014300189 c h bCHA aChatterji, M. aEnvironmental And Health In Dveloping CountrieshTextual Documents aMumbaibA P H Publication Corporation a422/CB a10195 c117020d117020 00102ddc4070aAKSbAKScMSW Libraryd1999-10-25eVidyavihar Pub.g1000.00l0o CHApAKS-W-01525r2023-03-01 00:00:00t1w2023-03-01yBK